| 000 | 00381nam a2200133Ia 4500 | ||
|---|---|---|---|
| 005 | 20260328104313.0 | ||
| 008 | 260328s9999||||xx |||||||||||||| ||und|| | ||
| 100 | _aMontgomery, Charles | ||
| 245 | 0 |
_aHappy City : _b transforming Our Lives Through Urban Design / _cCharles Montgomery |
|
| 260 | _bFarrar, Straus and Giroux | ||
| 300 | _a357 p. | ||
| 650 | _aURBANISMO | ||
| 942 | _cBK | ||
| 999 |
_c11064 _d11064 |
||